| 000 | 00603nam a2200229Ia 4500 | ||
|---|---|---|---|
| 008 | 180523s9999 xx 000 0 und d | ||
| 020 | _a978-981-06-9716-7 | ||
| 050 | _aMAIN DS 33 | ||
| 050 | _b.M87 2009 | ||
| 100 | _aMurphey, Rhoads. | ||
| 245 | 2 | _aA history of a Asia / | |
| 245 | 0 | _cRhoads Murphey. | |
| 250 | _a6th Edition | ||
| 260 | _aSingapore : | ||
| 260 | _bPearson Education South Asia, | ||
| 260 | _c2009 | ||
| 300 | _a526 pages : | ||
| 300 | _billustrations ; | ||
| 300 | _c25 cm. | ||
| 500 | _aIncludes bibliographical references and index. | ||
| 650 | _aAsia -- History. | ||
| 999 |
_c356613 _d356613 |
||